Desafios sociales en América Latina en el siglo XXI IV congreso europeo CEISAL de latinoamericanistas
Salvato in:
| Ente Autore: | |
|---|---|
| Altri autori: | |
| Natura: | Libro |
| Lingua: | spagnolo |
| Pubblicazione: |
Colombia
RUDECOLOMBIA, Universidad Pedagógica y Tecnológica de Colombia
2004
|
| Soggetti: | |
| Tags: |
Nessun Tag, puoi essere il primo ad aggiungerne!!
|
MARC
| LEADER | 00000nam$a2200000$$$4500 | ||
|---|---|---|---|
| 001 | 0035430 | ||
| 005 | 20230112084011.9 | ||
| 041 | 0 | |a spa | |
| 044 | |a CO | ||
| 245 | 1 | 0 | |a Desafios sociales en América Latina en el siglo XXI |b IV congreso europeo CEISAL de latinoamericanistas |c coordinadora: Diana Soto Arango |
| 264 | 1 | |a Colombia |b RUDECOLOMBIA, Universidad Pedagógica y Tecnológica de Colombia |c 2004 | |
| 300 | |a 59 s. | ||
| 610 | 2 | 0 | |a univerzity |
| 610 | 2 | 0 | |a školy vysoké |
| 610 | 2 | 0 | |a história |
| 610 | 2 | 0 | |a prognózy |
| 610 | 2 | 0 | |a spolupráca medzinárodná |
| 610 | 2 | 0 | |a výskum |
| 610 | 2 | 0 | |a metodológia |
| 610 | 2 | 0 | |a reformy |
| 610 | 2 | 0 | |a filozofia |
| 610 | 2 | 0 | |a koordinácia |
| 610 | 2 | 0 | |a Latinská Amerika |
| 610 | 2 | 0 | |a Slovensko |
| 610 | 2 | 0 | |a 2004 |
| 700 | 1 | |a Arango, Diana Soto | |
| 110 | 2 | |a Desafios sociales en América Latina en el siglo XXI. Congreso europeo CEISAL de latinoamericanistas | |